000 00489nam a2200181Ia 4500
001 5210
005 20260306145851.0
008 260306t2016||||xx |||||||||||||| ||spa||
041 _aESP
082 _a338.17360985
_bG66
100 _aGonzales, Michael J.
_eAUT
245 0 _aAzúcar y trabajo:
_bla transformación de las haciendas en el norte del Perú 1860-1933
260 _c2016
300 _a329 páginas :
_c20 cm.
650 _aGEN
654 _aCAN
942 _cLIB
_dJUS
_fJUS
_2ddc
_n
999 _c5210
_d5210